000 00714nam a2200229Ia 4500
001 9840
003 GE_BSU
008 181216s||||||||xx |||||||||||||| ||und||
040 _cGE_BSU
080 _a821.353.1-1
100 _aნონეშვილი,იოსებ
245 _aდედაო,საქართველო
245 _bლექსები
245 _cრედ:ტ,ჭანტურია,მხატვ:თ.სამსონაძე
260 _aთბილისი
260 _bნაკადული
260 _c1967
300 _a160გვ;19სმ
653 _aდედაო,საქართველო
653 _aლექსები
942 _cBK
999 _c43119
_d43119